| 000 | 00737cam a22001934a 4500 | ||
|---|---|---|---|
| 020 | _a9251055114 | ||
| 040 | _cDLC | ||
| 082 | _a333 FAO 2006 C116 Or. | ||
| 245 | 0 | 0 |
_aWorld reference base for soil resources, 2006 : _ba framework for international classification, correlation, and communication. |
| 250 | _a2006 ed. | ||
| 260 |
_aRome : _bFood and Agriculture Organization of the United Nations, _c2006. |
||
| 300 |
_aix, 128 p. ; _c30 cm. |
||
| 490 | 0 | _aWorld soil resources reports, | |
| 650 | 0 | _aSoils | |
| 710 | 2 | _aFood and Agriculture Organization of the United Nations. | |
| 856 | 4 | 1 | _uhttp://www.loc.gov/catdir/toc/fy0710/2006484408.html |
| 856 | 4 | 0 | _uhttp://www.fao.org/AG/AGL/agll/wrb/doc/wrb2006final.pdf |
| 942 | _cAEDBB | ||
| 999 |
_c21036 _d21036 |
||